[Event "Blitz 2018"]
[Site "Saint-Petersburg"]
[Date "2018.12.29"]
[Round "4"]
[Board "88"]
[White "Belyakov Bogdan (RUS)"]
[Black "Gordievsky Dmitry (RUS)"]
[Result "0-1"]
[BlackElo "2591"]
[WhiteElo "2448"]
[LiveChessVersion "1.4.8"]

1. e4 {[%clk 0:03:03]} c5 {[%clk 0:03:02]} 2. c3 {[%clk 0:03:03]} d6
{[%clk 0:02:55]} 3. d4 {[%clk 0:03:03]} Nd7 {[%clk 0:02:53]} 4. Nf3
{[%clk 0:02:55]} e6 {[%clk 0:02:48]} 5. Bd3 {[%clk 0:02:53]} Be7 {[%clk 0:02:44]}
6. O-O {[%clk 0:02:52]} b6 {[%clk 0:02:42]} 7. Re1 {[%clk 0:02:49]} Bb7
{[%clk 0:02:43]} 8. Nbd2 {[%clk 0:02:47]} Ngf6 {[%clk 0:02:36]} 9. Nf1
{[%clk 0:02:44]} O-O {[%clk 0:02:17]} 10. e5 {[%clk 0:02:44]} dxe5
{[%clk 0:02:05]} 11. dxe5 {[%clk 0:02:45]} Nd5 {[%clk 0:02:06]} 12. Ng3
{[%clk 0:02:42]} Re8 {[%clk 0:02:07]} 13. Qe2 {[%clk 0:02:36]} a6
{[%clk 0:02:00]} 14. a3 {[%clk 0:02:15]} b5 {[%clk 0:01:54]} 15. c4
{[%clk 0:02:15]} bxc4 {[%clk 0:01:55]} 16. Bxc4 {[%clk 0:02:16]} Nf8
{[%clk 0:01:44]} 17. Ne4 {[%clk 0:01:54]} Ng6 {[%clk 0:01:41]} 18. b3
{[%clk 0:01:39]} Qc7 {[%clk 0:01:31]} 19. Bb2 {[%clk 0:01:40]} a5
{[%clk 0:01:14]} 20. a4 {[%clk 0:01:39]} Bc6 {[%clk 0:01:09]} 21. Rac1
{[%clk 0:01:37]} Qb7 {[%clk 0:01:06]} 22. Nd6 {[%clk 0:01:02]} Bxd6
{[%clk 0:01:06]} 23. exd6 {[%clk 0:01:03]} Ndf4 {[%clk 0:01:01]} 24. Qe3
{[%clk 0:01:03]} Red8 {[%clk 0:00:56]} 25. Qc3 {[%clk 0:01:00]} f6
{[%clk 0:00:50]} 26. Bxe6+ {[%clk 0:00:58]} Nxe6 {[%clk 0:00:45]} 27. Rxe6
{[%clk 0:00:59]} Bd5 {[%clk 0:00:41]} 28. Re3 {[%clk 0:00:53]} Rxd6
{[%clk 0:00:25]} 29. Qxc5 {[%clk 0:00:52]} Rd7 {[%clk 0:00:24]} 30. h3
{[%clk 0:00:51]} Nf4 {[%clk 0:00:18]} 31. Rce1 {[%clk 0:00:46]} Bf7
{[%clk 0:00:13]} 32. Qf5 {[%clk 0:00:39]} Nd5 {[%clk 0:00:10]} 33. R3e2
{[%clk 0:00:24]} h6 {[%clk 0:00:10]} 34. Rd2 {[%clk 0:00:20]} Rad8
{[%clk 0:00:10]} 35. Red1 {[%clk 0:00:21]} Qxb3 {[%clk 0:00:10]} 36. Nd4
{[%clk 0:00:18]} Qxa4 {[%clk 0:00:10]} 37. Ne6 {[%clk 0:00:19]} Re8
{[%clk 0:00:09]} 38. Rxd5 {[%clk 0:00:13]} Bxe6 {[%clk 0:00:05]} 39. Qh5
{[%clk 0:00:04]} Rxd5 {[%clk 0:00:06]} 0-1

[Event "Blitz 2018"]
[Site "Saint-Petersburg"]
[Date "2018.12.29"]
[Round "4"]
[Board "89"]
[White "Nozdrachev Vladislav (RUS)"]
[Black "Steinberg Nitzan (ISR)"]
[Result "1-0"]
[BlackElo "2447"]
[WhiteElo "2521"]
[LiveChessVersion "1.4.8"]

1. e4 {[%clk 0:03:03]} c5 {[%clk 0:03:03]} 2. Nf3 {[%clk 0:03:04]} d6
{[%clk 0:03:04]} 3. d4 {[%clk 0:03:05]} cxd4 {[%clk 0:03:05]} 4. Nxd4
{[%clk 0:03:05]} Nf6 {[%clk 0:03:06]} 5. Nc3 {[%clk 0:03:07]} a6 {[%clk 0:03:08]}
6. h3 {[%clk 0:03:08]} e6 {[%clk 0:03:08]} 7. g4 {[%clk 0:03:08]} Nfd7
{[%clk 0:03:09]} 8. Bg2 {[%clk 0:03:09]} Be7 {[%clk 0:03:07]} 9. Be3
{[%clk 0:03:07]} Nc6 {[%clk 0:02:57]} 10. h4 {[%clk 0:03:08]} Qc7
{[%clk 0:02:53]} 11. g5 {[%clk 0:03:07]} Nce5 {[%clk 0:02:50]} 12. Qe2
{[%clk 0:02:49]} b5 {[%clk 0:02:48]} 13. O-O-O {[%clk 0:02:26]} b4
{[%clk 0:02:34]} 14. Na4 Bb7 15. Kb1 {[%clk 0:02:20]} Rc8 {[%clk 0:02:21]} 16.
Bc1 {[%clk 0:02:14]} Nc5 {[%clk 0:01:57]} 17. Nxc5 {[%clk 0:02:14]} dxc5
{[%clk 0:01:58]} 18. Nf3 {[%clk 0:02:14]} Nc6 {[%clk 0:01:42]} 19. h5
{[%clk 0:02:09]} e5 {[%clk 0:01:28]} 20. Bh3 {[%clk 0:02:03]} Rd8
{[%clk 0:01:18]} 21. g6 {[%clk 0:01:46]} hxg6 {[%clk 0:01:07]} 22. hxg6
{[%clk 0:01:47]} fxg6 {[%clk 0:01:08]} 23. Bd7+ {[%clk 0:01:43]} Rxd7
{[%clk 0:01:02]} 24. Rxh8+ {[%clk 0:01:45]} Bf8 {[%clk 0:01:02]} 25. Ng5
{[%clk 0:01:29]} Nd4 {[%clk 0:00:52]} 26. Rxd4 {[%clk 0:01:29]} cxd4
{[%clk 0:00:46]} 27. Rxf8+ {[%clk 0:01:29]} Ke7 {[%clk 0:00:40]} 28. Qf3
{[%clk 0:01:26]} Kd6 {[%clk 0:00:42]} 29. Re8 {[%clk 0:01:14]} Kc6
{[%clk 0:00:34]} 30. Qb3 {[%clk 0:01:05]} a5 {[%clk 0:00:18]} 31. Re6+
{[%clk 0:01:00]} Kc5 {[%clk 0:00:10]} 32. Rxg6 {[%clk 0:00:45]} Qc8
{[%clk 0:00:05]} 33. Qa4 {[%clk 0:00:38]} Bc6 {[%clk 0:00:03]} 34. Qxa5+
{[%clk 0:00:36]} Bb5 {[%clk 0:00:03]} 35. Qb6+ {[%clk 0:00:30]} Kc4
{[%clk 0:00:05]} 36. b3+ {[%clk 0:00:27]} Kc3 {[%clk 0:00:06]} 37. Nf3
{[%clk 0:00:26]} Qd8 1-0

[Event "Blitz 2018"]
[Site "Saint-Petersburg"]
[Date "2018.12.29"]
[Round "4"]
[Board "90"]
[White "Chen Qi B (CHN)"]
[Black "Tregubov Pavel V. (RUS)"]
[Result "0-1"]
[BlackElo "2516"]
[WhiteElo "2416"]
[LiveChessVersion "1.4.8"]

1. e4 {[%clk 0:03:02]} c5 {[%clk 0:03:03]} 2. Nf3 {[%clk 0:03:03]} e6
{[%clk 0:03:05]} 3. Nc3 {[%clk 0:03:04]} Nc6 {[%clk 0:03:06]} 4. d4
{[%clk 0:03:05]} cxd4 {[%clk 0:03:07]} 5. Nxd4 {[%clk 0:03:06]} Nf6
{[%clk 0:03:08]} 6. a3 {[%clk 0:03:05]} Be7 {[%clk 0:03:05]} 7. Be2
{[%clk 0:03:05]} d5 {[%clk 0:03:05]} 8. exd5 {[%clk 0:02:54]} Nxd5
{[%clk 0:03:06]} 9. Nxd5 {[%clk 0:02:43]} Qxd5 {[%clk 0:03:06]} 10. Nxc6
{[%clk 0:02:41]} Qxc6 {[%clk 0:03:00]} 11. O-O {[%clk 0:02:38]} O-O
{[%clk 0:02:59]} 12. Bd3 {[%clk 0:02:36]} b6 {[%clk 0:02:42]} 13. Re1
{[%clk 0:02:18]} Bb7 {[%clk 0:02:38]} 14. Be4 {[%clk 0:02:18]} Qc7
{[%clk 0:02:37]} 15. Bf4 {[%clk 0:02:04]} Qxf4 {[%clk 0:02:37]} 16. Bxb7
{[%clk 0:02:05]} Rad8 {[%clk 0:02:38]} 17. Qf3 {[%clk 0:02:06]} Qxf3
{[%clk 0:02:13]} 18. Bxf3 {[%clk 0:02:07]} Rd2 {[%clk 0:02:12]} 19. Re2
{[%clk 0:01:23]} Rfd8 {[%clk 0:02:12]} 20. g3 {[%clk 0:01:09]} Bf6
{[%clk 0:02:02]} 21. Rxd2 {[%clk 0:00:39]} Rxd2 {[%clk 0:02:02]} 22. Rd1
{[%clk 0:00:40]} Rxc2 {[%clk 0:01:57]} 23. Rd7 {[%clk 0:00:32]} g6
{[%clk 0:01:43]} 24. b4 {[%clk 0:00:18]} Rc3 {[%clk 0:01:35]} 25. Kg2
{[%clk 0:00:20]} Rxa3 {[%clk 0:01:34]} 26. b5 {[%clk 0:00:21]} a5
{[%clk 0:01:11]} 27. bxa6 {[%clk 0:00:22]} Rxa6 {[%clk 0:01:11]} 28. Bc6
{[%clk 0:00:23]} Ra2 {[%clk 0:01:08]} 29. Kf3 {[%clk 0:00:21]} Rc2
{[%clk 0:01:06]} 30. Bb5 {[%clk 0:00:12]} Rb2 {[%clk 0:01:06]} 31. Bc6
{[%clk 0:00:12]} Rc2 {[%clk 0:01:01]} 32. Bb5 {[%clk 0:00:14]} Rc5
{[%clk 0:01:01]} 33. Bd3 {[%clk 0:00:14]} Rc3 {[%clk 0:00:42]} 34. Ke2
{[%clk 0:00:13]} Rb3 {[%clk 0:00:42]} 35. h4 {[%clk 0:00:12]} h5 {[%clk 0:00:42]}
36. Bc4 {[%clk 0:00:06]} Rb2+ {[%clk 0:00:42]} 37. Ke3 {[%clk 0:00:07]} b5
{[%clk 0:00:43]} 38. Bd3 {[%clk 0:00:08]} b4 {[%clk 0:00:43]} 39. Bc4
{[%clk 0:00:06]} Rc2 {[%clk 0:00:43]} 40. Bd3 {[%clk 0:00:05]} Rc3
{[%clk 0:00:40]} 41. Rb7 {[%clk 0:00:06]} b3 {[%clk 0:00:39]} 42. Kd2
{[%clk 0:00:06]} b2 {[%clk 0:00:40]} 43. Bc2 {[%clk 0:00:04]} Ra3
{[%clk 0:00:40]} 44. Bd3 {[%clk 0:00:05]} Bd4 {[%clk 0:00:34]} 45. Ke2
{[%clk 0:00:06]} Ra2 {[%clk 0:00:33]} 46. Bb1 {[%clk 0:00:07]} Ra1
{[%clk 0:00:34]} 47. Bd3 {[%clk 0:00:09]} Rh1 {[%clk 0:00:33]} 48. Rb4
{[%clk 0:00:09]} Bc3 {[%clk 0:00:29]} 49. Rb3 {[%clk 0:00:09]} Re1+
{[%clk 0:00:29]} 50. Kf3 {[%clk 0:00:10]} Bd4 {[%clk 0:00:30]} 51. Rb4
{[%clk 0:00:10]} e5 {[%clk 0:00:31]} 52. Rb7 {[%clk 0:00:11]} Rh1
{[%clk 0:00:22]} 53. Kg2 {[%clk 0:00:06]} Rd1 {[%clk 0:00:22]} 54. Be4
{[%clk 0:00:06]} Rd2 {[%clk 0:00:23]} 0-1

[Event "Blitz 2018"]
[Site "Saint-Petersburg"]
[Date "2018.12.29"]
[Round "4"]
[Board "91"]
[White "Sokolov Andrei (LAT)"]
[Black "Pogosyan Stefan (RUS)"]
[Result "0-1"]
[BlackElo "2330"]
[WhiteElo "2507"]
[LiveChessVersion "1.4.8"]

1. d4 {[%clk 0:03:04]} Nf6 {[%clk 0:03:04]} 2. Bg5 {[%clk 0:03:05]} e6
{[%clk 0:02:59]} 3. Nf3 {[%clk 0:03:02]} c5 {[%clk 0:02:58]} 4. c3 Nc6 5. e3
{[%clk 0:02:52]} h6 {[%clk 0:02:58]} 6. Bh4 {[%clk 0:02:50]} d5 {[%clk 0:02:57]}
7. Nbd2 {[%clk 0:02:50]} Bd6 {[%clk 0:02:56]} 8. Bd3 {[%clk 0:02:46]} O-O
{[%clk 0:02:54]} 9. O-O {[%clk 0:02:46]} e5 {[%clk 0:02:48]} 10. dxc5
{[%clk 0:02:25]} Bxc5 {[%clk 0:02:42]} 11. e4 {[%clk 0:02:25]} dxe4
{[%clk 0:02:08]} 12. Nxe4 {[%clk 0:02:22]} Be7 {[%clk 0:02:09]} 13. Bxf6
{[%clk 0:02:02]} Bxf6 {[%clk 0:02:10]} 14. Qe2 {[%clk 0:02:03]} Be7
{[%clk 0:02:04]} 15. Rad1 Qc7 16. Ng3 {[%clk 0:01:51]} f5 {[%clk 0:02:06]} 17.
Bc4+ {[%clk 0:01:46]} Kh8 {[%clk 0:02:06]} 18. Bd5 {[%clk 0:01:31]} e4
{[%clk 0:02:00]} 19. Nd4 {[%clk 0:01:20]} Nxd4 {[%clk 0:01:32]} 20. Rxd4
{[%clk 0:01:21]} Bd7 {[%clk 0:01:12]} 21. Rfd1 {[%clk 0:01:21]} Rad8
{[%clk 0:01:05]} 22. Bb3 {[%clk 0:00:58]} Bc8 {[%clk 0:01:03]} 23. Qh5
{[%clk 0:00:50]} Rxd4 {[%clk 0:00:50]} 24. Rxd4 {[%clk 0:00:51]} Bc5
{[%clk 0:00:48]} 25. Rd5 {[%clk 0:00:45]} e3 {[%clk 0:00:37]} 26. fxe3
{[%clk 0:00:42]} Bxe3+ {[%clk 0:00:38]} 27. Kh1 {[%clk 0:00:39]} Be6
{[%clk 0:00:19]} 28. Rd1 {[%clk 0:00:37]} Bxb3 {[%clk 0:00:13]} 29. axb3
{[%clk 0:00:39]} Qe5 {[%clk 0:00:14]} 30. Qf3 {[%clk 0:00:35]} f4
{[%clk 0:00:13]} 31. Nf1 {[%clk 0:00:33]} Rf7 {[%clk 0:00:08]} 32. b4
{[%clk 0:00:31]} Qe6 {[%clk 0:00:06]} 33. h3 {[%clk 0:00:30]} Kh7
{[%clk 0:00:08]} 34. Re1 {[%clk 0:00:28]} Re7 {[%clk 0:00:07]} 35. Nh2
{[%clk 0:00:29]} Qb3 {[%clk 0:00:04]} 36. Qe2 {[%clk 0:00:20]} Qd5
{[%clk 0:00:04]} 37. Nf3 {[%clk 0:00:17]} Qe4 {[%clk 0:00:05]} 38. Rd1
{[%clk 0:00:15]} Qf5 {[%clk 0:00:05]} 39. b5 {[%clk 0:00:15]} Qg6
{[%clk 0:00:05]} 40. Qd3 {[%clk 0:00:14]} Qxd3 {[%clk 0:00:04]} 41. Rxd3
{[%clk 0:00:16]} Rc7 {[%clk 0:00:05]} 42. g3 {[%clk 0:00:14]} Bc1
{[%clk 0:00:06]} 43. gxf4 {[%clk 0:00:13]} Bxb2 {[%clk 0:00:07]} 44. Ne5
{[%clk 0:00:13]} Bxc3 {[%clk 0:00:07]} 45. Rd5 {[%clk 0:00:12]} Bxe5
{[%clk 0:00:06]} 46. fxe5 {[%clk 0:00:13]} Kg8 {[%clk 0:00:08]} 47. Kg2 Kf7 48.
Rd6 {[%clk 0:00:07]} Ke7 {[%clk 0:00:09]} 49. Rg6 Kf7 50. Rd6 {[%clk 0:00:10]}
Re7 {[%clk 0:00:07]} 51. Kf3 {[%clk 0:00:09]} Rxe5 {[%clk 0:00:09]} 52. Rd7+
{[%clk 0:00:10]} Re7 {[%clk 0:00:10]} 53. Rd5 {[%clk 0:00:12]} Ke6
{[%clk 0:00:12]} 54. Rd8 {[%clk 0:00:13]} Rd7 {[%clk 0:00:12]} 55. Ra8
{[%clk 0:00:13]} b6 {[%clk 0:00:13]} 56. Ke4 {[%clk 0:00:14]} Kd6
{[%clk 0:00:14]} 57. Rc8 {[%clk 0:00:15]} Rc7 {[%clk 0:00:16]} 58. Rd8+ Kc5 59.
Rd5+ Kb4 60. Rf5 {[%clk 0:00:15]} Rc4+ {[%clk 0:00:17]} 61. Kd3 {[%clk 0:00:16]}
Rc3+ {[%clk 0:00:19]} 62. Kd4 {[%clk 0:00:17]} Rxh3 {[%clk 0:00:20]} 63. Rf7
{[%clk 0:00:18]} Rg3 {[%clk 0:00:16]} 64. Rxa7 {[%clk 0:00:19]} Kxb5
{[%clk 0:00:17]} 65. Ke4 {[%clk 0:00:20]} Rg5 {[%clk 0:00:19]} 66. Kd3
{[%clk 0:00:20]} h5 {[%clk 0:00:20]} 67. Ra8 {[%clk 0:00:21]} h4 {[%clk 0:00:20]}
68. Rh8 {[%clk 0:00:22]} Rg4 {[%clk 0:00:22]} 69. Rh5+ Kb4 70. Kc2
{[%clk 0:00:24]} g5 {[%clk 0:00:24]} 71. Rh6 {[%clk 0:00:25]} b5 {[%clk 0:00:26]}
0-1

[Event "Blitz 2018"]
[Site "Saint-Petersburg"]
[Date "2018.12.29"]
[Round "4"]
[Board "92"]
[White "Minko Vladimir (RUS)"]
[Black "Hakobyan Aram (ARM)"]
[Result "0-1"]
[BlackElo "2451"]
[WhiteElo "2403"]
[LiveChessVersion "1.4.8"]

1. d4 {[%clk 0:03:02]} Nf6 {[%clk 0:03:01]} 2. c4 {[%clk 0:03:02]} e6
{[%clk 0:03:02]} 3. Nf3 {[%clk 0:03:01]} b6 {[%clk 0:03:03]} 4. g3
{[%clk 0:03:02]} Bb7 {[%clk 0:03:04]} 5. Bg2 {[%clk 0:03:02]} g6 {[%clk 0:03:05]}
6. O-O {[%clk 0:03:01]} Bg7 {[%clk 0:03:07]} 7. Nc3 {[%clk 0:02:59]} Ne4
{[%clk 0:03:05]} 8. Nxe4 {[%clk 0:02:48]} Bxe4 {[%clk 0:03:05]} 9. Ne1
{[%clk 0:02:48]} Bxg2 {[%clk 0:03:05]} 10. Nxg2 {[%clk 0:02:48]} O-O
{[%clk 0:03:06]} 11. Be3 {[%clk 0:02:35]} d6 {[%clk 0:03:03]} 12. Qd2
{[%clk 0:02:34]} Re8 {[%clk 0:03:03]} 13. Bg5 {[%clk 0:02:31]} Qc8
{[%clk 0:03:03]} 14. Bh6 {[%clk 0:02:30]} Bh8 {[%clk 0:03:02]} 15. Rac1
{[%clk 0:02:24]} Nd7 {[%clk 0:03:02]} 16. Rfd1 {[%clk 0:02:23]} Qb7
{[%clk 0:02:58]} 17. h4 {[%clk 0:02:03]} Nf6 {[%clk 0:02:53]} 18. Qd3
{[%clk 0:01:51]} Qe4 {[%clk 0:02:50]} 19. Qxe4 {[%clk 0:01:36]} Nxe4
{[%clk 0:02:51]} 20. Be3 {[%clk 0:01:36]} a5 {[%clk 0:02:49]} 21. Ne1
{[%clk 0:01:31]} f5 {[%clk 0:02:47]} 22. Kg2 {[%clk 0:01:32]} Kf7
{[%clk 0:02:47]} 23. f3 {[%clk 0:01:30]} Nf6 {[%clk 0:02:48]} 24. Bg5
{[%clk 0:01:23]} Nd7 {[%clk 0:02:48]} 25. Nc2 {[%clk 0:01:23]} e5
{[%clk 0:02:41]} 26. d5 {[%clk 0:01:17]} Nc5 {[%clk 0:02:35]} 27. b3
{[%clk 0:01:14]} Bf6 {[%clk 0:02:26]} 28. Be3 {[%clk 0:01:13]} Nd7
{[%clk 0:02:21]} 29. Bf2 {[%clk 0:01:09]} Re7 {[%clk 0:02:20]} 30. e4
{[%clk 0:01:08]} fxe4 {[%clk 0:01:57]} 31. fxe4 {[%clk 0:01:08]} Bg7
{[%clk 0:01:58]} 32. Be3 {[%clk 0:01:05]} Kg8 {[%clk 0:01:59]} 33. Rf1
{[%clk 0:01:02]} h6 {[%clk 0:01:55]} 34. Rce1 {[%clk 0:00:52]} Rb8
{[%clk 0:01:47]} 35. Bd2 {[%clk 0:00:45]} Nc5 {[%clk 0:01:43]} 36. Na3
{[%clk 0:00:38]} Rf8 {[%clk 0:01:31]} 37. Nb5 {[%clk 0:00:38]} Ref7
{[%clk 0:01:24]} 38. Rxf7 {[%clk 0:00:38]} Rxf7 {[%clk 0:01:24]} 39. Re2
{[%clk 0:00:37]} Kf8 {[%clk 0:01:12]} 40. Bc1 {[%clk 0:00:31]} Ke8
{[%clk 0:01:00]} 41. Ba3 {[%clk 0:00:32]} Nb7 {[%clk 0:00:56]} 42. Rf2
{[%clk 0:00:24]} Rxf2+ {[%clk 0:00:56]} 43. Kxf2 {[%clk 0:00:25]} Kd7
{[%clk 0:00:57]} 44. Kf3 {[%clk 0:00:22]} h5 {[%clk 0:00:58]} 45. Bc1
{[%clk 0:00:23]} Nc5 {[%clk 0:00:59]} 46. Be3 {[%clk 0:00:20]} Nd3
{[%clk 0:00:49]} 47. Nc3 {[%clk 0:00:18]} Nb4 {[%clk 0:00:40]} 48. Ke2
{[%clk 0:00:17]} Bf6 {[%clk 0:00:39]} 49. Kf3 {[%clk 0:00:18]} Nc2
{[%clk 0:00:39]} 50. Ke2 {[%clk 0:00:15]} Bd8 {[%clk 0:00:38]} 51. Kd2
{[%clk 0:00:15]} Nb4 {[%clk 0:00:39]} 52. a3 {[%clk 0:00:15]} Na6
{[%clk 0:00:40]} 53. Ne2 {[%clk 0:00:14]} Ke8 {[%clk 0:00:39]} 54. Ng1
{[%clk 0:00:14]} Nb8 {[%clk 0:00:40]} 55. Nf3 Nd7 56. Bg5 {[%clk 0:00:14]} Nc5
{[%clk 0:00:42]} 57. Bxd8 {[%clk 0:00:06]} Kxd8 {[%clk 0:00:43]} 58. Ng5
{[%clk 0:00:06]} Nxb3+ {[%clk 0:00:45]} 59. Kc3 {[%clk 0:00:05]} Nd4
{[%clk 0:01:45]} 60. Nf7+ {[%clk 0:00:04]} Ke7 {[%clk 0:01:46]} 61. Ng5
{[%clk 0:00:05]} Ne2+ {[%clk 0:01:32]} 62. Kd3 {[%clk 0:00:07]} Nxg3
{[%clk 0:01:33]} 63. Ne6 {[%clk 0:00:08]} c5 {[%clk 0:01:22]} 64. Ke3
{[%clk 0:00:07]} Nf1+ {[%clk 0:01:22]} 65. Ke2 {[%clk 0:00:08]} Nh2
{[%clk 0:01:22]} 66. Nc7 {[%clk 0:00:07]} Ng4 {[%clk 0:01:20]} 67. Na8
{[%clk 0:00:07]} Nf6 {[%clk 0:01:21]} 68. Kf3 {[%clk 0:00:08]} Nd7
{[%clk 0:01:22]} 69. Nc7 {[%clk 0:00:09]} Nf6 {[%clk 0:01:04]} 70. a4
{[%clk 0:00:10]} Nh7 {[%clk 0:00:55]} 71. Na8 {[%clk 0:00:07]} g5
{[%clk 0:00:57]} 72. Nxb6 {[%clk 0:00:06]} gxh4 {[%clk 0:00:58]} 73. Nc8+
{[%clk 0:00:03]} Kd7 {[%clk 0:00:59]} 0-1

[Event "Blitz 2018"]
[Site "Saint-Petersburg"]
[Date "2018.12.29"]
[Round "4"]
[Board "93"]
[White "Guimaraes Diogo Duarte (BRA)"]
[Black "Jones Gawain C B (ENG)"]
[Result "0-1"]
[BlackElo "2722"]
[WhiteElo "2228"]
[LiveChessVersion "1.4.8"]

1. e4 c5 2. Nf3 {[%clk 0:02:37]} d6 {[%clk 0:03:04]} 3. Bb5+ {[%clk 0:02:37]} Nc6
{[%clk 0:03:03]} 4. O-O {[%clk 0:02:25]} Bd7 {[%clk 0:03:04]} 5. a4
{[%clk 0:02:24]} Nf6 {[%clk 0:03:03]} 6. Nc3 {[%clk 0:02:24]} g6 {[%clk 0:02:56]}
7. Re1 {[%clk 0:02:13]} Bg7 {[%clk 0:02:56]} 8. e5 {[%clk 0:02:12]} dxe5
{[%clk 0:02:53]} 9. Nxe5 {[%clk 0:02:07]} Nxe5 10. Rxe5 O-O {[%clk 0:02:32]} 11.
Rxc5 {[%clk 0:01:54]} Bxb5 {[%clk 0:02:31]} 12. Rxb5 {[%clk 0:01:51]} Qc7
{[%clk 0:02:15]} 13. d3 {[%clk 0:01:42]} a6 {[%clk 0:02:07]} 14. Nd5
{[%clk 0:01:37]} Nxd5 {[%clk 0:01:55]} 15. Rxd5 {[%clk 0:01:38]} h6
{[%clk 0:01:48]} 16. Be3 {[%clk 0:01:06]} b6 {[%clk 0:01:43]} 17. a5
{[%clk 0:01:04]} Qc6 {[%clk 0:01:40]} 18. Qf3 {[%clk 0:00:51]} Bxb2
{[%clk 0:01:14]} 19. Rf1 {[%clk 0:00:26]} e6 {[%clk 0:01:09]} 20. Rf5
{[%clk 0:00:23]} Qxf3 {[%clk 0:00:54]} 21. Rxf3 bxa5 22. Bc1 {[%clk 0:00:19]}
Rfb8 {[%clk 0:00:52]} 23. Bxb2 Rxb2 24. Ra1 {[%clk 0:00:17]} Rxc2
{[%clk 0:00:52]} 25. h4 {[%clk 0:00:12]} Rc5 {[%clk 0:00:53]} 26. Rf4
{[%clk 0:00:11]} Rd8 {[%clk 0:00:54]} 27. Rfa4 {[%clk 1:40:09]} Rxd3 28. Rxa5
Rxa5 29. Rxa5 Rd6 {[%clk 0:00:53]} 30. g3 {[%clk 0:00:13]} h5 31. Kg2 Kf8
{[%clk 0:00:50]} 32. Kf3 {[%clk 0:00:14]} Ke7 {[%clk 0:00:51]} 33. Kf4
{[%clk 0:00:13]} Kd7 {[%clk 0:00:51]} 34. Rc5 {[%clk 0:00:10]} Rd4+
{[%clk 0:00:49]} 35. Kg5 {[%clk 0:00:08]} Rd5+ {[%clk 0:00:49]} 0-1

[Event "Blitz 2018"]
[Site "Saint-Petersburg"]
[Date "2018.12.29"]
[Round "4"]
[Board "94"]
[White "Bocharov Ivan (RUS)"]
[Black "Perdomo Carlos Andres (COL)"]
[Result "1/2-1/2"]
[BlackElo "2301"]
[WhiteElo "2715"]
[LiveChessVersion "1.4.8"]

1. e4 {[%clk 0:03:04]} c5 {[%clk 0:03:03]} 2. Nf3 {[%clk 0:03:05]} e6
{[%clk 0:03:05]} 3. d4 {[%clk 0:03:06]} cxd4 {[%clk 0:03:06]} 4. Nxd4 a6 5. c4
{[%clk 0:03:05]} Nf6 {[%clk 0:03:07]} 6. Nc3 {[%clk 0:03:04]} d6 {[%clk 0:03:06]}
7. Be2 {[%clk 0:02:45]} Nbd7 {[%clk 0:03:00]} 8. f4 {[%clk 0:02:40]} Qc7
{[%clk 0:02:25]} 9. O-O {[%clk 0:02:29]} b6 {[%clk 0:02:21]} 10. Bf3
{[%clk 0:01:51]} Bb7 {[%clk 0:02:21]} 11. Qe2 {[%clk 0:01:52]} Be7
{[%clk 0:02:18]} 12. b3 {[%clk 0:01:43]} b5 {[%clk 0:02:13]} 13. e5
{[%clk 0:01:18]} dxe5 {[%clk 0:02:11]} 14. Bxb7 {[%clk 0:01:14]} Qxb7
{[%clk 0:01:31]} 15. fxe5 {[%clk 0:01:15]} Bc5 {[%clk 0:01:27]} 16. Be3
{[%clk 0:01:16]} Qb6 {[%clk 0:00:54]} 17. Rad1 {[%clk 0:00:47]} Nxe5
{[%clk 0:00:52]} 18. cxb5 {[%clk 0:00:41]} axb5 {[%clk 0:00:46]} 19. Kh1
{[%clk 0:00:29]} O-O {[%clk 0:00:28]} 20. Rxf6 {[%clk 0:00:30]} gxf6
{[%clk 0:00:29]} 21. Ne4 {[%clk 0:00:31]} Nd7 {[%clk 0:00:12]} 22. Bh6
{[%clk 0:00:24]} Kh8 {[%clk 0:00:12]} 23. Bxf8 {[%clk 0:00:22]} Rxf8
{[%clk 0:00:12]} 24. Nxb5 {[%clk 0:00:21]} f5 {[%clk 0:00:09]} 25. Ng5
{[%clk 0:00:19]} Be7 {[%clk 0:00:06]} 26. Nxh7 {[%clk 0:00:16]} Kxh7
{[%clk 0:00:06]} 27. Rxd7 {[%clk 0:00:17]} Qc6 {[%clk 0:00:06]} 28. Qh5+
{[%clk 0:00:11]} Kg7 {[%clk 0:00:07]} 29. Qd1 {[%clk 0:00:12]} Qxb5
{[%clk 0:00:07]} 30. Rxe7 Rd8 31. Qa1+ {[%clk 0:00:13]} Kg6 {[%clk 0:00:08]} 32.
h3 {[%clk 0:00:12]} Qe2 {[%clk 0:00:08]} 33. Qc3 {[%clk 0:00:11]} Rd1+
{[%clk 0:00:06]} 34. Kh2 {[%clk 0:00:13]} Rd3 {[%clk 0:00:06]} 35. Qc7
{[%clk 0:00:10]} Rf3 {[%clk 0:00:03]} 36. Rxf7 {[%clk 0:00:10]} Rxh3+ 37. Kxh3
{[%clk 0:00:08]} Qg4+ {[%clk 0:00:04]} 38. Kh2 {[%clk 0:00:09]} Qh4+
{[%clk 0:00:06]} 39. Kg1 {[%clk 0:00:11]} Qe1+ {[%clk 0:00:08]} 40. Kh2 1/2-1/2

[Event "Blitz 2018"]
[Site "Saint-Petersburg"]
[Date "2018.12.29"]
[Round "4"]
[Board "95"]
[White "Jumabayev Rinat (KAZ)"]
[Black "Mamatov Melis (KGZ)"]
[Result "1-0"]
[BlackElo "2213"]
[WhiteElo "2554"]
[LiveChessVersion "1.4.8"]

1. Nf3 {[%clk 0:03:03]} Nf6 {[%clk 0:03:02]} 2. g3 {[%clk 0:03:04]} d5
{[%clk 0:03:03]} 3. Bg2 {[%clk 0:03:05]} Bf5 {[%clk 0:02:59]} 4. c4
{[%clk 0:03:04]} c6 {[%clk 0:03:00]} 5. cxd5 {[%clk 0:03:02]} cxd5
{[%clk 0:03:01]} 6. Qb3 {[%clk 0:03:03]} Qb6 {[%clk 0:02:56]} 7. Qxb6
{[%clk 0:03:04]} axb6 {[%clk 0:02:57]} 8. d3 {[%clk 0:03:05]} Bd7
{[%clk 0:02:41]} 9. Be3 {[%clk 0:02:57]} b5 {[%clk 0:02:39]} 10. O-O
{[%clk 0:02:55]} e6 {[%clk 0:02:36]} 11. Rc1 {[%clk 0:02:56]} Bd6
{[%clk 0:02:33]} 12. Nbd2 {[%clk 0:02:42]} O-O {[%clk 0:02:27]} 13. Nb3
{[%clk 0:02:43]} Rc8 {[%clk 0:02:25]} 14. Bc5 {[%clk 0:02:35]} Bxc5
{[%clk 0:02:11]} 15. Nxc5 {[%clk 0:02:36]} Bc6 {[%clk 0:02:08]} 16. Nd4
{[%clk 0:02:30]} Nfd7 {[%clk 0:02:07]} 17. Ncb3 {[%clk 0:02:20]} Na6
{[%clk 0:01:56]} 18. Na5 {[%clk 0:02:21]} Nb4 {[%clk 0:01:57]} 19. Naxc6
{[%clk 0:02:16]} bxc6 {[%clk 0:00:53]} 20. a3 {[%clk 0:02:18]} c5
{[%clk 0:00:54]} 21. Nxb5 {[%clk 0:02:16]} Nc6 {[%clk 0:00:49]} 22. e4
{[%clk 0:02:03]} Nd4 {[%clk 0:00:45]} 23. Nxd4 {[%clk 0:02:04]} cxd4
{[%clk 0:00:46]} 24. exd5 {[%clk 0:02:04]} Nc5 {[%clk 0:00:09]} 25. dxe6
{[%clk 0:02:04]} Rab8 {[%clk 0:00:10]} 26. exf7+ {[%clk 0:01:56]} Kxf7
{[%clk 0:00:09]} 27. Bh3 {[%clk 0:01:57]} Rc7 {[%clk 0:00:07]} 28. b4
{[%clk 0:01:56]} Na6 {[%clk 0:00:03]} 29. Rc4 {[%clk 0:01:57]} Rd8
{[%clk 0:00:03]} 30. Rac1 {[%clk 0:01:57]} Re7 {[%clk 0:00:03]} 31. Bg4
{[%clk 0:01:53]} Nb8 {[%clk 0:00:00]} 1-0